000 00347nam a2200145Ia 4500
008 150509s9999 xx 000 0 und d
082 _a330 BRO
100 _aBrown, Arthur Joseph
245 _aIntroduction to the world economy
260 _aLondon:
260 _bAllen & Unwin
260 _c1959
300 _a212p. ;23cm.
650 _aEconomics
999 _c4219
_d4219